| 000 | 00351nam a22001577a 4500 | ||
|---|---|---|---|
| 003 | SGT | ||
| 020 | _a978-81-312-2307-9 | ||
| 082 |
_a611 _bC16S |
||
| 100 | _aSINGH, VISHRAM | ||
| 245 | _aTB. OF CLINICAL NEUROANATOMY | ||
| 250 | _a2ND | ||
| 260 |
_aINDIA _bELSEVIER PUB _c2016 |
||
| 300 | _a255 | ||
| 650 | _aHUMAN ANATOMY | ||
| 942 |
_2ddc _cBK _08 |
||
| 999 |
_c20106 _d20106 |
||